| 000 | nam a22 7a 4500 | ||
|---|---|---|---|
| 999 |
_c381341 _d381341 |
||
| 003 | BLK | ||
| 005 | 20220826104618.0 | ||
| 008 | 200811b bu ||||| |||| 00| 0 bu d | ||
| 020 | _a9789543574124 | ||
| 040 | _aBLK | ||
| 041 |
_aBUL _cBUL |
||
| 080 |
_aЧешка литература _b821.162.3 _z821.162.3-31 _x-31 |
||
| 100 |
_aВопенка, Мартин _eпърви автор _91299 |
||
| 139 |
_aВопенка, Мартин _bВ 83 |
||
| 245 |
_aСпящият град _cМартин Вопенка ; прев. от чеш. Анжелина Христова Пенчева ; ил. Даниела Оленикова. |
||
| 260 |
_9210050 _aСофия _bЕМАС _c2019 |
||
| 300 |
_a384 с. _c20 см |
||
| 380 | _aX | ||
| 700 |
_9292626 _aПенчева, Анжелина Христова _eпрев. от чеш. |
||
| 700 |
_9433970 _aОленикова, Даниела _eил. |
||
| 852 |
_aЦб 311426 _bЦб |
||
| 942 |
_cKNG _n0 _s1 _09 |
||
| 944 |
_aCR _c2020-08-11 _kВТ |
||
| 999 | _d381341 | ||
| 999 | _d381341 | ||
| 999 | _d381341 | ||